000 00679nam a22001937a 4500
008 131104b xxu||||| |||| 00| 0 alb d
041 0 _aalb
_asrb
_aeng
080 _a330.34.01
_x(035)
100 _aPreçi, Zef
245 1 0 _aMetodologjia për hartimin e planit strategjik të zhvillimit social - ekonomik të komunës /
_cZef Preçi.
260 _aPrishtinë :
_bLitografia ;
_c2007
300 _a63 f. :
_bme il. ;
_c20 cm.
500 _aTemat e konferencës : f. 8
500 _aNë vend të hyrjes : f. 9
500 _aSelected bibliography = [Bibliografia e zgjedhur] : f. 62
650 _aZhvillimi ekonomik
650 _aPlanifikimi i zhvillimit social
942 _2udc
_cBK
999 _c238
_d238